| 000 | 00844cam a2200193ua 4500 | ||
|---|---|---|---|
| 003 | OSt | ||
| 008 | 220324b ||||| |||| 00| 0 eng d | ||
| 020 | _a9788185594965, 8185594961 | ||
| 041 | _aeng | ||
| 082 |
_a691 _bRAN/EN |
||
| 100 |
_aRangwala, S.C . _95194 |
||
| 245 | _aEngineering materials / | ||
| 250 | _a11 / | ||
| 260 |
_a : _bCharotar book stall , _c1986. |
||
| 300 | _a497 ; . | ||
| 500 | _a16412- Reference,20872-Scheme | ||
| 505 | _a 1 : PROPERTIES OF ENGINEERING MATERIALS 2 : STONES 3 : CERAMIC MATERIALS 4 : BRICKS 5 : LIME 6 : CEMENT 7 : MORTAR 8 : CEMENT CONCRETE 9 : TIMBER 10 : FERROUS METALS 11 : STEEL 12 : NON-FERROUS METALS AND ALLOYS 13 : CORROSION 14 : GLASS 15 : PAINTS, VARNISHES AND DISTEMPERS 16 : PLASTICS 17 : MISCELLANEOUS MATERIALS 18 : MATERIAL SCIENCE OF METALS | ||
| 942 | _cBK | ||
| 999 |
_c1472 _d1472 |
||